[Event "Femida Open"]
[Site "Kharkov UKR"]
[Date "2003.10.11"]
[Round "4"]
[White "Kostiukova,L"]
[Black "Chulivska,V"]
[Result "1-0"]
[WhiteElo "2144"]
[BlackElo "2091"]

1.d4 Nf6 2.c4 e6 3.g3 d5 4.Bg2 Be7 5.Nf3 O-O 6.O-O c6 7.b3 Nbd7 8.Bb2 b6
9.Nc3 a5 10.Nd2 Ba6 11.a4 Rc8 12.Re1 Bb4 13.Rc1 c5 14.Nb5 Bxb5 15.cxb5 Ne4
16.Bxe4 dxe4 17.Rf1 cxd4 18.Bxd4 Nc5 19.Bxc5 Bxd2 20.Rc2 Rxc5 21.Rxd2 Qg5
22.Rd6 Qh6 23.Rd8 g6 24.Rxf8+ Qxf8 25.Qd4 Qa8 26.Qd6 Qb7 27.Rd1 Kg7 28.e3 h5
29.Qd4+ e5 30.Qd6 Qc7 31.Qxc7 Rxc7 32.Rd6 Rb7 33.Kf1 Kf8 34.Ke2 Ke7 35.Rc6 Kd7
36.f3 exf3+ 37.Kxf3 Ke7 38.Ke4 f6 39.h3 Rb8 40.g4 hxg4 41.hxg4 Kf7 42.Kf3 Rb7
43.g5 f5 44.Rf6+ Kg7 45.Re6 e4+ 46.Kf4 Kf7 47.Rf6+ Kg7 48.Ke5 Rb8 49.Kd5 Rd8+
50.Ke5 Rb8 51.Kd6 Rd8+ 52.Kc7 Rd3 53.Rxb6 Rxe3 54.Re6 Rxb3 55.b6 e3 56.b7 f4
57.b8=Q Rxb8 58.Kxb8  1-0

[Event "YM"]
[Site "Zug SUI"]
[Date "2003.10.13"]
[Round "7"]
[White "Loetscher,R"]
[Black "Van Beek,L"]
[Result "0-1"]
[WhiteElo "2345"]
[BlackElo "2336"]

1.Nf3 Nf6 2.c4 e6 3.g3 d5 4.Bg2 Be7 5.d4 O-O 6.O-O dxc4 7.Qc2 a6 8.Qxc4 b5
9.Qc2 Bb7 10.Bd2 Nc6 11.Nc3 Nxd4 12.Nxd4 Bxg2 13.Nxe6 Qc8 14.Nxf8 Qh3 15.f3 Bxf1
16.Rxf1 Rxf8 17.Ne4 Qe6 18.Nxf6+ Bxf6 19.Bc3 Bxc3 20.bxc3 Qe3+ 21.Kg2 Re8
22.Re1 g6 23.c4 c5 24.cxb5 axb5 25.Qb3 Qxb3 26.axb3 Re3 27.Rc1 Rxe2+ 28.Kh3 Re5
29.Kg4 Kg7 30.Kf4 Kf6 31.Ra1 g5+ 32.Kg4 c4 33.bxc4 bxc4 34.f4 h5+ 35.Kxh5 gxf4+
36.Kg4 fxg3 37.Kxg3 c3 38.Rc1 Re3+ 39.Kf4 Rh3 40.Kg4 Rd3 41.Kf4 Kg6 42.Ke4 Rh3
43.Kd4 Rxh2 44.Rxc3 Rh4+ 45.Kd5 f5 46.Rc1 Ra4 47.Rg1+ Kf6 48.Rg8 f4 49.Rf8+ Kg5
50.Ke5 Kg4 51.Rg8+ Kf3 52.Rb8 Kg3 53.Rg8+ Kf2 54.Rg4 Ke3 55.Kd5 Ra5+ 56.Kc4 f3
57.Rg8 f2 58.Rf8 Ra1 59.Re8+ Kd2 60.Rd8+ Kc2  0-1

[Event "1st Israel Int Op"]
[Site "Ashdod ISR"]
[Date "2003.10.15"]
[Round "7"]
[White "Mikhalevski,V"]
[Black "Klovans,J"]
[Result "1/2-1/2"]
[WhiteElo "2548"]
[BlackElo "2462"]

1.d4 Nf6 2.c4 e6 3.g3 d5 4.Nf3 Be7 5.Bg2 O-O 6.O-O dxc4 7.Qc2 a6 8.a4 Bd7
9.Qxc4 Bc6 10.Bg5 a5 11.Nc3 Na6 12.Rac1 Nb4 13.Bxf6 Bxf6 14.e4 b6 15.Rfd1 Bb7
16.Qe2 Re8 17.Qe3 g6 18.Qf4 Bg7 19.Nb5 Re7 20.Ne5 c6 21.Nc3 Qc7 22.Qe3 Rd8
23.f4 Qb8 24.Nc4 Ba6 25.b3 Red7 26.e5 Nd5 27.Bxd5 cxd5 28.Nd6 Rc7 29.Ncb5 Bxb5
30.Nxb5 Rxc1 31.Rxc1 Rc8 32.Rc3 Bf8 33.Qc1 Rxc3 34.Qxc3 Qb7 35.Nd6 Qa6 36.Kf2 Kg7
37.g4 Be7 38.f5 Bh4+ 39.Kg1 exf5 40.Qc7 Qe2 41.Qxf7+ Kh6 42.Nxf5+ gxf5 43.Qh5+ Kg7
44.Qxh4 fxg4 45.Qf6+ Kg8 46.e6 Qe3+ 47.Kg2 Qh3+ 48.Kh1 Qf3+ 49.Qxf3 gxf3
50.Kg1 Kf8 51.Kf2 Ke7 52.Kxf3 Kxe6 53.Kg4 Kf6 54.Kf4 h6 55.Kg4 Kg6 56.h4 Kf6
57.Kf4 Ke6 58.Kg4 Kf6 59.Kh5 Kg7 60.Kg4 Kg6 61.Kf4 Kf6  1/2-1/2

[Event "EuTCh"]
[Site "Plovdiv BUL"]
[Date "2003.10.15"]
[Round "5"]
[White "Bauer,Ch"]
[Black "Lutz,C"]
[Result "1/2-1/2"]
[WhiteElo "2602"]
[BlackElo "2613"]

1.d4 Nf6 2.c4 e6 3.g3 d5 4.Nf3 Be7 5.Bg2 O-O 6.O-O dxc4 7.Ne5 Nc6 8.Bxc6 bxc6
9.Nxc6 Qe8 10.Nxe7+ Qxe7 11.Qa4 c5 12.Qa3 e5 13.Qxc5 Qb7 14.Rd1 Bh3 15.d5 Rac8
16.Qa5 Ne4 17.f3 Rc5 18.Qe1 Nd6 19.Nc3 f5 20.Be3 Rc7 21.Qd2 Re8 22.Kh1 Qc8
23.Rac1 Qd7 24.b4 cxb3 25.axb3 Rec8 26.Na2 Qb5 27.Rxc7 Rxc7 28.Rc1 Rd7 29.Nb4 f4
30.gxf4 e4 31.Nc6 exf3 32.exf3 Qxb3 33.Ne5 Rd8 34.Kg1 a5 35.Bc5 a4 36.Qd3 Qxd3
37.Nxd3 Nb7 38.Bb4 Rxd5 39.Ne5 Rb5 40.Rc4 Be6 41.Rd4 Rd5 42.Rxd5 Bxd5 43.Kf2 g6
44.Ke3 Nd8 45.Kd4 Bb3 46.Ba3 Ne6+ 47.Kc3 Nxf4 48.Kb2 Kg7 49.Be7 Nd5 50.Bd8 Ne3
51.Bg5 Nf5 52.Bd8 Nd4 53.Bb6 Nb5 54.Bd8 Bd5 55.Be7 a3+ 56.Bxa3 Nxa3 57.Kxa3 Kf6
58.Nd3 Bxf3 59.Kb2 Kf5 60.Kc3 Be2 61.Nf2 Bg4 62.Kd2 Kf4 63.Ke1 Kf3 64.Kf1 Bf5
65.Kg1 h6 66.Nh1 Bd3 67.Nf2 Be2 68.Nh1 Bc4 69.Ng3 h5 70.Nh1 Be6 71.Nf2 Bf5
72.Nh1 h4 73.Nf2 g5 74.Nh1 Be6 75.Nf2 Bd5 76.Nh3 Kg4 77.Nf2+ Kf5 78.Nh3 Bf3
79.Kf2 Bg4 80.Kg2 Ke4 81.Kf2 Ke5 82.Ke3 Kf5  1/2-1/2

[Event "1st Israel Int Op"]
[Site "Ashdod ISR"]
[Date "2003.10.16"]
[Round "8"]
[White "Gerzhoy,L"]
[Black "Psakhis,L"]
[Result "1/2-1/2"]
[WhiteElo "2423"]
[BlackElo "2549"]

1.Nf3 Nf6 2.c4 e6 3.g3 d5 4.d4 Be7 5.Bg2 O-O 6.O-O dxc4 7.Ne5 Nc6 8.Bxc6 bxc6
9.Nxc6 Qe8 10.Nxe7+ Qxe7 11.Qa4 c5 12.Qxc4 cxd4 13.Qxd4 e5  1/2-1/2

[Event "300 Years"]
[Site "St Petersburg RUS"]
[Date "2003.10.18"]
[Round "1"]
[White "Gleizerov,E"]
[Black "Mirovshchikov,S"]
[Result "1-0"]
[WhiteElo "2574"]
[BlackElo "2398"]

1.d4 d5 2.c4 e6 3.Nf3 Be7 4.g3 Nf6 5.Bg2 c6 6.O-O Nbd7 7.Qd3 b6 8.Nc3 Ba6
9.b3 Rc8 10.Rd1 O-O 11.e4 c5 12.exd5 exd5 13.dxc5 dxc4 14.bxc4 Bxc5 15.Nb5 Nb8
16.Qf1 Qe7 17.Re1 Ne4 18.Ng5 f5 19.Nxe4 fxe4 20.Bxe4 Kh8 21.Qh3 h6 22.Bxh6 Bxf2+
23.Kg2 Qxe4+ 24.Rxe4 Bb7 25.Nd6  1-0

[Event "300 Years"]
[Site "St Petersburg RUS"]
[Date "2003.10.18"]
[Round "1"]
[White "Kornev,Alexe"]
[Black "Akimov,I"]
[Result "1-0"]
[WhiteElo "2561"]
[BlackElo "2365"]

1.d4 Nf6 2.Nf3 e6 3.g3 d5 4.Bg2 Be7 5.c4 O-O 6.O-O dxc4 7.Qc2 a6 8.Qxc4 b5
9.Qc2 Bb7 10.Bd2 Be4 11.Qc1 Nbd7 12.Ba5 Rc8 13.Nbd2 Bb7 14.Qc2 Qe8 15.b4 Nb8
16.Ne5 Bxg2 17.Kxg2 Bd6 18.Ndf3 Nd5 19.a3 Bxe5 20.Nxe5 f6 21.Nf3 Nc6 22.Rac1 Nde7
23.Rfd1 Qd7 24.Rd3 Rfd8 25.Qc5 h6 26.Nd2 Qe8 27.Nb3 Qf7 28.Rcd1 Rd6 29.Kg1 Kh8
30.R3d2 Rd7 31.e3 Rd6 32.h4 Rd7 33.Qc2 Rd6 34.Nc5 Nb8 35.a4 Qh5 36.Rc1 Nf5
37.Qe4 bxa4 38.Nxa4 c6 39.Nc5 Qf7 40.Rdc2 Re8 41.Bb6 Rd5 42.Ra1 Nd6 43.Qd3 Nc8
44.Ba5 e5 45.Nxa6 Nxa6 46.Qxa6 exd4 47.exd4 Ne7 48.Re1 Nf5 49.Rxe8+ Qxe8
50.Qxc6 Qe4 51.Bb6 Kh7 52.Rc1 Qf3 53.Qc3 Qg4 54.Qd3 Rd7 55.Re1 g6 56.Re4 Qh3
57.Qf1 Qxf1+ 58.Kxf1 Ne7 59.Bc5 Nd5 60.Re6 Kg8 61.b5 Kf7 62.Rc6 Rb7 63.b6 g5
64.h5  1-0

[Event "300 Years"]
[Site "St Petersburg RUS"]
[Date "2003.10.22"]
[Round "5"]
[White "Sharevich,A"]
[Black "Feoktistov,A"]
[Result "0-1"]
[WhiteElo "2267"]
[BlackElo "2435"]

1.d4 Nf6 2.c4 e6 3.g3 d5 4.Bg2 Be7 5.Nf3 O-O 6.O-O c6 7.Qc2 b6 8.Nbd2 Bb7
9.b3 a5 10.Bb2 Na6 11.a3 Rc8 12.e4 Rc7 13.Rad1 Qa8 14.e5 Nd7 15.cxd5 cxd5
16.Qb1 Rfc8 17.Ne1 Nab8 18.f4 Ba6 19.Rf2 Nf8 20.Ndf3 a4 21.b4 Qc6 22.Nd2 Qd7
23.h4 g6 24.h5 gxh5 25.Bf3 h4 26.g4 Ng6 27.f5 Nf4 28.Kh2 Bg5 29.f6 h6 30.Nf1 Qd8
31.Ng2 Nd7 32.Nge3 Nf8 33.Rdd2 N8g6 34.Bd1 Bb5 35.Rf3 Rc6 36.Rdf2 Bd3 37.Bc2 Bxc2
38.Rxc2 Rxc2+ 39.Nxc2 Qd7 40.Qd1 Qb5 41.Rc3 Rxc3 42.Bxc3 Qc4 43.Bd2 Qd3 44.Nfe3 Ne2
45.Ne1 Bf4+ 46.Kh1 Qe4+ 47.N1g2 Qf3  0-1

[Event "300 Years"]
[Site "St Petersburg RUS"]
[Date "2003.10.24"]
[Round "7"]
[White "Sorokin,M"]
[Black "Tunik,G"]
[Result "0-1"]
[WhiteElo "2560"]
[BlackElo "2482"]

1.d4 Nf6 2.c4 e6 3.g3 d5 4.Bg2 Be7 5.Nf3 O-O 6.Nc3 dxc4 7.O-O Bd7 8.Ne5 Bc6
9.e4 a6 10.Nxc4 Bb4 11.Ne5 Bb5 12.Nxb5 axb5 13.d5 exd5 14.exd5 Bd6 15.Nd3 Re8
16.Qb3 Qd7 17.Be3 Na6 18.a4 b4 19.Rac1 h6 20.Rc4 b5 21.axb5 Qxb5 22.Rfc1 Rad8
23.Rd4 Nc5 24.Qd1 Nxd3 25.Qxd3 Qxd3 26.Rxd3 Ra8 27.Bd4 Nd7 28.Bh3 Ne5 29.Re3 h5
30.f3 Ng6 31.Rd3 Ra5 32.Bf5 Rxd5 33.Be4 Ra5 34.Bb6 Ra2 35.Bxc7 Bxc7 36.Rxc7 Rxb2
37.h4 Ne5 38.Rd1 Kf8 39.Kf1 g6 40.Bd5 Re7 41.Rc8+ Kg7 42.Re1 Rd2 43.Rc5 Rf2+
44.Kxf2 Nd3+ 45.Kg2 Nxe1+ 46.Kf1 Nd3 47.Rb5 Re5 48.f4 Rf5 49.Ke2 Nc1+ 50.Kd2 Na2
51.Bc4 Rxb5 52.Bxb5 Nc3 53.Bd3 f5 54.Kc2 Ne4 55.Bb5 Nxg3 56.Kb3 g5 57.fxg5 f4
58.Bc6 Nf5 59.Kxb4 Nxh4 60.Be8 Ng6 61.Kc3 h4 62.Kd4 h3 63.Bd7 h2 64.Bc6 Nh4
65.Bh1 Kg6 66.Kd3 Nf5  0-1

[Event "TCh-FIN 2003-4"]
[Site "Finland FIN"]
[Date "2003.10.25"]
[Round "3"]
[White "Hentunen,A"]
[Black "Kekki,J"]
[Result "1-0"]
[WhiteElo "2330"]
[BlackElo "2181"]

1.c4 e6 2.g3 d5 3.Nf3 Nf6 4.Bg2 Be7 5.d4 O-O 6.Nc3 dxc4 7.Qa4 a6 8.Qxc4 b5
9.Qd3 Bb7 10.O-O c5 11.Rd1 cxd4 12.Qxd4 Qxd4 13.Nxd4 Bxg2 14.Kxg2 Bc5 15.f3 Rd8
16.Be3 Bxd4 17.Bxd4 Nc6 18.Bb6 Rxd1 19.Rxd1 Rb8 20.Bc5 Rd8 21.Rxd8+ Nxd8
22.Kf2 Nd7 23.Bd6 Nb7 24.Be7 f6 25.a4 Kf7 26.Ba3 bxa4 27.Nxa4 e5 28.e4 Ke6
29.Nc3 Nb6 30.Nd1 g6 31.Ke2 f5 32.Kd3 fxe4+ 33.fxe4 Nd6 34.Ne3 Nb5 35.Bf8 Kf7
36.Bb4 Ke6 37.Nc4 Nd7 38.Na5 h5 39.Nb7 g5 40.h3 g4 41.h4 Nd4 42.Bd2 Nb8 43.Be3 Nb5
44.Nc5+ Kd6 45.Kc4 Nc7 46.Nb7+ Kc6 47.Nd8+ Kd7 48.Ba7  1-0

[Event "Classics II IM"]
[Site "Gausdal NOR"]
[Date "2003.10.25"]
[Round "6"]
[White "Valaker,O"]
[Black "Meyer,Fa"]
[Result "1/2-1/2"]
[WhiteElo "2208"]
[BlackElo "2348"]

1.d4 d5 2.Nf3 Nf6 3.c4 e6 4.g3 Be7 5.Bg2 O-O 6.O-O Ne4 7.Qc2 c6 8.b3 Nd7
9.Bb2 f5 10.Nbd2 Qe8 11.Ne5 Qh5 12.f3 Nxe5 13.Nxe4 Ng6 14.Nf2 f4 15.e4 fxg3
16.hxg3 Qg5 17.Nh1 e5 18.cxd5 cxd5 19.dxe5 dxe4 20.f4 Qg4 21.Qxe4 Bf5 22.Qe3 Rad8
23.Nf2 Qh5 24.Bf3 Qh6 25.Rfd1 b6 26.Bd4 Be6 27.Rac1 Nxf4 28.gxf4 Rxf4 29.Bg2 Rfxd4
30.Qxh6 Rxd1+ 31.Rxd1 Rxd1+ 32.Nxd1 gxh6 33.Nc3 Bc5+ 34.Kf1 Kg7 35.Nb5 a5
36.Be4 h5 37.Kg2 Bg4 38.Kg3 h6 39.Nc7 Kf7 40.Bd5+ Kg6 41.Kf4 Be7 42.Be4+ Kg7
43.Nd5 Bg5+ 44.Kg3 b5 45.Nc7 b4 46.Bf3 Bd8 47.Bxg4 Bxc7 48.Bxh5 Bxe5+ 49.Kg2 Kf6
50.Be2 Kg5 51.Kh3 h5 52.Bc4 h4 53.Bg8 Bg3 54.Bf7 Kf4 55.Kg2 Ke3 56.Bg8 Kd2
57.Bf7 Kc2 58.Bg8 Kb2 59.Bf7 Kxa2 60.Bg8  1/2-1/2

[Event "300 Years"]
[Site "St Petersburg RUS"]
[Date "2003.10.25"]
[Round "8"]
[White "Maly,Al"]
[Black "Sharevich,A"]
[Result "1-0"]
[WhiteElo "2373"]
[BlackElo "2267"]

1.d4 d5 2.c4 e6 3.Nf3 Be7 4.g3 Nf6 5.Bg2 O-O 6.O-O c6 7.Qc2 a5 8.b3 a4 9.Bb2 Na6
10.Ne5 Nb4 11.Qd1 axb3 12.axb3 Rxa1 13.Bxa1 Nd7 14.Nd3 Nxd3 15.Qxd3 Bf6 16.Nc3 Qb6
17.Rd1 Kh8 18.e4 dxc4 19.bxc4 e5 20.d5 Qa6 21.Bf1 Nc5 22.Qb1 Bg4 23.Rd2 Qa3
24.Ra2 Qb3 25.Qxb3 Nxb3 26.Bb2 c5 27.Ra7 b6 28.Na4 Nd2 29.Nxb6 Nxe4 30.Nd7 Bxd7
31.Rxd7 h5 32.Kg2 Nd2 33.Be2 h4 34.Ba3 Kg8 35.Rc7 Ra8 36.Bxc5 e4 37.Be3 Nb1
38.d6 Bd8 39.Rb7 Nc3 40.Bg4 g6 41.Bd7 Nd1 42.Bd4 g5 43.Rb1  1-0

[Event "300 Years"]
[Site "St Petersburg RUS"]
[Date "2003.10.26"]
[Round "9"]
[White "Yevseev,D"]
[Black "Mirovshchikov,S"]
[Result "1-0"]
[WhiteElo "2592"]
[BlackElo "2398"]

1.d4 d5 2.c4 e6 3.Nf3 Nf6 4.g3 Be7 5.Bg2 c6 6.O-O b6 7.Nc3 Nbd7 8.Ne5 Bb7
9.Qa4 Nxe5 10.dxe5 Nd7 11.cxd5 cxd5 12.e4 d4 13.Qxd4 a6 14.Bf4 O-O 15.Rfd1 Bc6
16.b4 Ra7 17.Rac1 Qa8 18.h4 h6 19.a3 Rc8 20.Qe3 Bf8 21.h5 Rb7 22.g4 Rbc7
23.Qg3 Bb7 24.g5 hxg5 25.Bxg5 a5 26.h6 g6 27.Qf4 Nb8 28.h7+ Kxh7 29.Rd3 Kg8
30.Rh3 Bg7 31.Bf6 Rxc3 32.Rcxc3 Rxc3 33.Rxc3 axb4 34.Bxg7 bxc3 35.Qh6  1-0

[Event "300 Years"]
[Site "St Petersburg RUS"]
[Date "2003.10.26"]
[Round "9"]
[White "Gleizerov,E"]
[Black "Tunik,G"]
[Result "1/2-1/2"]
[WhiteElo "2574"]
[BlackElo "2482"]

1.d4 Nf6 2.c4 e6 3.g3 d5 4.Nf3 Be7 5.Bg2 O-O 6.O-O dxc4 7.Qc2 a6 8.a4 Bd7
9.Qxc4 Bc6 10.Bg5 Bd5 11.Qc2 Be4 12.Qc1 h6 13.Bf4 Nc6 14.Rd1 Nd5 15.Nc3 Nxc3
16.bxc3 Na5 17.Qe3 Bc2 18.Re1 Nc4 19.Qc1 Be4 20.Nd2 Nxd2 21.Qxd2 Bxg2 22.Kxg2 b5
23.e4 Qd7 24.axb5 axb5 25.h4  1/2-1/2

[Event "FSGM November"]
[Site "Budapest HUN"]
[Date "2003.11.03"]
[Round "3"]
[White "Ionescu,M"]
[Black "Kayumov,S"]
[Result "1-0"]
[WhiteElo "2366"]
[BlackElo "2434"]

1.Nf3 d5 2.d4 Nf6 3.c4 e6 4.g3 Be7 5.Bg2 O-O 6.O-O c6 7.Qc2 Nbd7 8.Rd1 b6
9.Bf4 Ba6 10.cxd5 cxd5 11.Nc3 Nh5 12.Bd2 Rc8 13.Qa4 Nb8 14.Ne5 Qe8 15.Qb3 f6
16.Nf3 Bc4 17.Qc2 f5 18.Bf4 Nxf4 19.gxf4 Qh5 20.Qd2 Rf6 21.Ne5 Rh6 22.h3 Ba6
23.Rac1 g5 24.fxg5 Bxg5 25.f4 Bf6 26.Kh2 Kh8 27.Qe3 Rg8 28.Rg1 Qe8 29.Nxd5 exd5
30.Bxd5 Rhg6 31.Rxg6 hxg6 32.Bxg8 Qxg8 33.Rc7 g5 34.fxg5 Bg7 35.Nf7+ Kh7
36.g6+  1-0

[Event "FSGM November"]
[Site "Budapest HUN"]
[Date "2003.11.07"]
[Round "7"]
[White "Ionescu,M"]
[Black "Taylor,T"]
[Result "1/2-1/2"]
[WhiteElo "2366"]
[BlackElo "2385"]

1.Nf3 d5 2.d4 Nf6 3.c4 e6 4.g3 Be7 5.Bg2 O-O 6.O-O b6 7.cxd5 exd5 8.Nc3 Bb7
9.Bf4 Na6 10.Rc1 c5 11.dxc5 Nxc5 12.Nd4 Qd7 13.Qd2 Nfe4 14.Nxe4 dxe4 15.b4 Na6
16.b5 Nc5 17.Rfd1 Rac8 18.Qe1 Qg4 19.Be3 Rfd8 20.Qf1 Ne6 21.Bh3 Qg6 22.Bxe6 fxe6
23.Nc6 Bxc6 24.Rxd8+ Bxd8 25.bxc6 Qe8 26.Qd1 Be7 27.Qa4 Bc5 28.Bxc5 Rxc6
29.Kg2 bxc5 30.Rxc5 Rc8 31.Qxe8+ Rxe8 32.Rc7 a5 33.Ra7 Rb8 34.Rxa5 Rb2 35.e3 Kf7
36.g4 Kf6 37.h4 h6 38.a4 Ra2 39.Ra8 h5 40.gxh5 Kf5 41.Kg3 Ra1 42.a5 Rg1+
43.Kh3 Rh1+ 44.Kg2 Ra1 45.f3 exf3+ 46.Kxf3 Rf1+ 47.Ke2 Ra1 48.Kd3 Ra3+ 49.Kd2 Ke4
50.a6 Ra2+ 51.Kc3 Kxe3 52.Kc4 e5 53.Kb5 e4 54.Rg8 Kf2 55.Rxg7 e3 56.Rf7+ Kg3
57.Re7 e2 58.h6 Kf2 59.h7 Rb2+ 60.Kc6 Rb8 61.a7 Rh8 62.Kb7 Rxh7 63.Rxh7 e1=Q
64.Rf7+ Kg3 65.a8=Q Qe4+ 66.Kb8 Qe8+ 67.Ka7 Qxf7+ 68.Qb7 Qxb7+ 69.Kxb7 Kxh4  1/2-1/2

[Event "7th BayEM"]
[Site "Bad Wiessee GER"]
[Date "2003.11.08"]
[Round "1"]
[White "Burmakin,V"]
[Black "Kessler,H"]
[Result "1-0"]
[WhiteElo "2590"]
[BlackElo "2068"]

1.d4 Nf6 2.Nf3 e6 3.c4 d5 4.g3 Be7 5.Bg2 O-O 6.O-O b6 7.cxd5 exd5 8.Nc3 Ba6
9.Qa4 Qe8 10.Qc2 Bd6 11.Nxd5 Qxe2 12.Nxf6+ gxf6 13.Qxe2 Bxe2 14.Re1 Ba6 15.Nh4 c6
16.Nf5 Bb4 17.Bh6 Bxe1 18.Rxe1 Rd8 19.Re4 Kh8 20.Bg7+ Kg8 21.Bxf6 Bd3 22.Rg4+ Kf8
23.Be7+ Ke8 24.Rg8+ Kd7 25.Rxd8+ Ke6 26.Rd6+ Kxf5 27.Rf6+ Kg4 28.Bf3+  1-0

[Event "TCh-CZE Extraliga 2003-4"]
[Site "Czech Rep CZE"]
[Date "2003.11.08"]
[Round "1"]
[White "Banas,J"]
[Black "Bazant,P sr"]
[Result "1/2-1/2"]
[WhiteElo "2369"]
[BlackElo "2339"]

1.c4 e6 2.Nf3 d5 3.d4 Nf6 4.g3 Be7 5.Bg2 O-O 6.O-O c6 7.Nc3 Nbd7 8.b3 b6
9.Qc2 Ba6 10.Rd1 Rc8 11.e4 dxc4 12.Nd2 cxb3 13.axb3 Nb8 14.Nf3 Bb4 15.Na2 Be7
16.Nc3 Bb4 17.Na2  1/2-1/2

[Event "7th BayEM"]
[Site "Bad Wiessee GER"]
[Date "2003.11.09"]
[Round "2"]
[White "Giemsa,S"]
[Black "Oud,N"]
[Result "1-0"]
[WhiteElo "2290"]
[BlackElo "2109"]

1.d4 d5 2.c4 e6 3.Nf3 Nf6 4.g3 Be7 5.Bg2 O-O 6.O-O dxc4 7.Qc2 a6 8.a4 c5
9.Nbd2 Nc6 10.Nxc4 cxd4 11.Rd1 Bc5 12.Nce5 Qd6 13.Nxc6 Qxc6 14.Nxd4 Qb6 15.a5 Qa7
16.e3 Rb8 17.Nb3 Be7 18.Qc7 Bd8 19.Rxd8  1-0

[Event "ch-Europe Internet Blitz"]
[Site "playchess.com INT"]
[Date "2003.11.09"]
[Round "1.4"]
[White "Mikhalevski,V"]
[Black "Kiriakov,P"]
[Result "0-1"]
[WhiteElo "2548"]
[BlackElo "2555"]

1.d4 d5 2.c4 e6 3.Nf3 Nf6 4.g3 Be7 5.Bg2 O-O 6.O-O dxc4 7.Qc2 a6 8.a4 Bd7
9.Qxc4 Bc6 10.Bg5 Bd5 11.Qc2 Be4 12.Qc1 h6 13.Bf4 Nd5 14.Nbd2 Nxf4 15.gxf4 Bc6
16.e4 a5 17.Re1 Na6 18.Nc4 Nb4 19.Qc3 b6 20.b3 Bb7 21.Rad1 Bf6 22.Qc1 Re8
23.Nfe5 Be7 24.Re3 Bf8 25.Rg3 Qe7 26.h3 Rad8 27.f5 exf5 28.exf5 Bxg2 29.Kxg2 f6
30.Qxh6 Nd5 31.Nf3 Qe4 32.Kh2 Qxf5 33.Rdg1 Qh7 34.Qd2 Re4 35.Ne3 Bd6 36.Ng4 Rxg4
37.Qe2 Bxg3+ 38.fxg3 Re4 39.Qc4 Qf5 40.Rf1 Qe6 41.Rf2 c6 42.Nd2 Re3 43.Nf3 Re8
44.Ng1 Rc3 45.Qa6 Qd6 46.Qb7 Qxg3+ 47.Kh1 Qxf2  0-1

[Event "ch-Europe Internet Blitz"]
[Site "playchess.com INT"]
[Date "2003.11.09"]
[Round "1.2"]
[White "Mikhalevski,V"]
[Black "Kiriakov,P"]
[Result "1-0"]
[WhiteElo "2548"]
[BlackElo "2555"]

1.d4 d5 2.c4 e6 3.Nf3 Nf6 4.g3 Be7 5.Bg2 O-O 6.O-O dxc4 7.Qc2 a6 8.a4 Bd7
9.Qxc4 Bc6 10.Bg5 a5 11.Nc3 Na6 12.Rfd1 Nb4 13.Rac1 h6 14.Bxf6 Bxf6 15.e4 Rc8
16.Bh3 Rb8 17.b3 Re8 18.d5 exd5 19.Nxd5 Bxd5 20.exd5 Re7 21.Qb5 b6 22.Qc4 Qd6
23.Bg2 Rd8 24.h4 Na2 25.Rc2 Nb4 26.Rcd2 Ree8 27.Nh2 Qc5 28.Qxc5 bxc5 29.Rc1 Bd4
30.Rc4 Re1+ 31.Bf1 Rb1 32.Nf3 Rxb3 33.Nxd4 cxd4 34.Rdxd4 Rb1 35.Rxc7 Rxd5
36.Rxd5 Nxd5 37.Rc5 Nb6 38.Rxa5 Ra1 39.Ra6 Nd5 40.Kg2 Ra2 41.Bb5 Kf8 42.Ra8+ Ke7
43.Ra7+ Kf6 44.Kf3 Ra3+ 45.Kg2 Ra2 46.Be8 Ne7 47.Ra6+ Ke5 48.Bxf7 Ra3 49.Re6+ Kf5
50.Rxe7 Rxa4 51.h5 Kf6 52.Rd7 Ra3 53.Bg6  1-0

[Event "ch-Europe Internet Blitz"]
[Site "playchess.com INT"]
[Date "2003.11.09"]
[Round "2.1"]
[White "Panzalovic,S"]
[Black "Kiriakov,P"]
[Result "1/2-1/2"]
[WhiteElo "2421"]
[BlackElo "2555"]

1.Nf3 e6 2.c4 Nf6 3.g3 d5 4.d4 Be7 5.Bg2 O-O 6.O-O dxc4 7.Qc2 a6 8.Qxc4 b5
9.Qc2 Bb7 10.Bg5 Nbd7 11.Nbd2 c5 12.dxc5 Bxc5 13.Bxf6 Qxf6 14.Ne4 Bxe4 15.Qxe4 Rad8
16.Rad1 Nb8 17.b3 Rxd1 18.Rxd1 Rd8 19.Rxd8+ Qxd8 20.h4 g6 21.Ne5 Bd6 22.e3 Bc5
23.Qb7 Be7 24.Nc6 Nxc6 25.Bxc6 b4 26.Qxa6 Qd1+ 27.Kg2 Qd6 28.Qb7 Kg7 29.Qd7 Qxd7
30.Bxd7 Kf6  1/2-1/2

[Event "TCh-AUT B Mitte 2003-4"]
[Site "St Veit AUT"]
[Date "2003.11.09"]
[Round "2"]
[White "Konopka,M"]
[Black "Horvath,Cs1"]
[Result "1/2-1/2"]
[WhiteElo "2451"]
[BlackElo "2515"]

1.Nf3 Nf6 2.c4 e6 3.g3 d5 4.Bg2 Be7 5.d4 O-O 6.O-O c6 7.Qc2 Nbd7 8.b3 b6
9.Rd1 Ba6 10.Nbd2 c5 11.e4 dxc4 12.Nxc4 cxd4 13.Nxd4 Rc8 14.e5 Nd5 15.Qb2 Bxc4
16.bxc4 Rxc4 17.Bxd5 exd5 18.Nf5 Rb4 19.Qa3 Bc5 20.Qxa7 Nxe5 21.Ba3 Rb5 22.Ne7+ Qxe7
23.Qxe7 Bxe7 24.Bxe7 Ra8 25.a4 Rba5 26.Bb4 Rxa4 27.Rxa4 Rxa4 28.Rxd5 f6 29.Bc3 Nc4
30.Rd8+ Kf7 31.Rd7+ Kg6 32.Rb7 f5 33.Kf1 Ra2 34.Bb4 Rb2 35.Bf8 Nd2+ 36.Kg1 Nf3+
37.Kg2 Ng5 38.Rxg7+ Kh5 39.Ba3  1/2-1/2

[Event "Friendship GM"]
[Site "Cartak CZE"]
[Date "2003.11.11"]
[Round "1"]
[White "Dydyshko,V"]
[Black "Petrik,T"]
[Result "1-0"]
[WhiteElo "2556"]
[BlackElo "2403"]

1.d4 Nf6 2.c4 e6 3.g3 d5 4.Nf3 Be7 5.Bg2 O-O 6.O-O dxc4 7.Qc2 a6 8.Qxc4 b5
9.Qc2 Bb7 10.Bd2 Nbd7 11.Ba5 Rc8 12.Nbd2 Nb8 13.a3 Qe8 14.b4 Nc6 15.Nb3 Bd6
16.Rfe1 e5 17.e4 exd4 18.e5 Nxe5 19.Nbxd4 c5 20.Nf5 cxb4 21.Qd2 Qc6 22.Rxe5 Bxe5
23.Ne7+ Kh8 24.Nxc6 Bxa1 25.Nxb4 Ne4 26.Qd1 Nc3 27.Qxa1 Ne2+ 28.Kf1 Rc1+
29.Qxc1 Nxc1 30.Nd4 Bxg2+ 31.Kxg2 Rc8 32.Nbc6 Nb3 33.Nxb3 Rxc6 34.h4 Kg8
35.Kf3 Kf8 36.Nd4 Rc1 37.Bb4+ Kg8 38.Ke3 f6 39.f4 Kf7 40.f5 Rg1 41.Bd6 Rc1
42.Ke4 Rc4 43.Kd5 Rc3 44.Ne6 Rf3 45.Ke4 Rb3 46.Nd4 Rc3 47.g4 Rh3 48.h5 Rc3
49.Bb4 Rc1 50.Ne6 Rg1 51.Kf3 Rf1+ 52.Kg2 Rc1 53.Nd8+ Ke8 54.Nb7 Rc7 55.Nd6+ Kd7
56.Ne4 Rc6 57.Bf8 Rc4 58.Kf3 Ke8 59.Bxg7 Ra4 60.Bxf6 Rxa3+ 61.Kf4 b4 62.g5 Rh3
63.Kg4 Rh2 64.Be5 Rc2 65.g6 hxg6 66.fxg6 b3 67.h6 b2 68.Bxb2  1-0

[Event "TCh-SWE 2003-4"]
[Site "Malmo SWE"]
[Date "2003.11.11"]
[Round "3"]
[White "Bjarnehag,P"]
[Black "Ahlander,B"]
[Result "1/2-1/2"]
[WhiteElo "2187"]
[BlackElo "2397"]

1.Nf3 Nf6 2.c4 e6 3.g3 Be7 4.Bg2 d5 5.d4 O-O 6.O-O dxc4 7.Qc2 a6 8.a4 Bd7
9.Rd1 Bc6 10.Nc3 a5 11.e4 Na6 12.Ne5 Nb4 13.Qe2 Nd3 14.Nxd3 cxd3 15.Rxd3 Bb4
16.Bg5 h6 17.Bxf6 Qxf6 18.e5 Qd8 19.d5 exd5 20.Nxd5 Qc8 21.Qh5 Re8 22.Rc1 Bxd5
23.Bxd5 Re7 24.f4 Rb8 25.f5 c6 26.f6 Rc7 27.Ba2 Qf8 28.Rc4 Kh8 29.Rh4 Re8
30.e6 Qc5+ 31.Qxc5 Bxc5+ 32.Kg2 fxe6 33.fxg7+ Kxg7 34.Rg4+ Kh8 35.Rg6 Rce7
36.Rxh6+ Kg7 37.Rh5 e5 38.Rd1 Bd4 39.b3 Rf8 40.Rd2 Ref7 41.Bb1 Rf2+ 42.Rxf2 Rxf2+
43.Kh3 Rb2 44.Be4 Rxb3 45.Kg4 Rb2 46.Rh7+ Kf6 47.Rh6+ Ke7 48.Rh7+ Kd6 49.h4 Bf2
50.Rg7 Rb3 51.Kh3 Ke6  1/2-1/2

[Event "ch-IND A Women"]
[Site "Calicut IND"]
[Date "2003.11.12"]
[Round "5"]
[White "Gokhale,A"]
[Black "Sangeetha,M"]
[Result "1/2-1/2"]
[WhiteElo "2217"]
[BlackElo "2140"]

1.d4 Nf6 2.c4 e6 3.g3 d5 4.Nf3 Be7 5.Bg2 c5 6.cxd5 Nxd5 7.O-O cxd4 8.Nxd4 O-O
9.e4 Nb4 10.Nc3 N8c6 11.Be3 Nxd4 12.Bxd4 Nc6 13.Be3 Qa5 14.Qe2 b6 15.Rfd1 Ba6
16.Qc2 Rad8 17.a3 Bb7 18.Rxd8 Rxd8 19.Rd1 Re8 20.Bf4 g5 21.Be3 Ne5 22.Bd4 Ng6
23.Qc1 g4 24.e5 Bxg2 25.Kxg2 Kg7 26.h3 gxh3+ 27.Kxh3 Qa6 28.Kg2 Qb7+ 29.f3 h5
30.Qe3 Rh8 31.Rh1 h4 32.g4 Qc8 33.Kh3 Bc5 34.Ne2 Rd8 35.Rc1 Qa6 36.Bxc5 Qxe2
37.Re1 Qd3 38.Bd6 Qxe3 39.Rxe3 f6 40.exf6+ Kxf6 41.Bb4 Rd1 42.Bc3+ Kg5 43.Kh2 Rd6
44.Re4 Rd3 45.Rxe6 Rxf3 46.Bd4 Nf4 47.Re7 Kxg4 48.Rg7+ Kf5 49.Rxa7 Kg5  1/2-1/2

[Event "7th BayEM"]
[Site "Bad Wiessee GER"]
[Date "2003.11.13"]
[Round "6"]
[White "Bischoff,K"]
[Black "Gawehns,K"]
[Result "1-0"]
[WhiteElo "2564"]
[BlackElo "2391"]

1.d4 Nf6 2.c4 e6 3.g3 d5 4.Nf3 Be7 5.Bg2 O-O 6.O-O Nbd7 7.Nbd2 b6 8.b3 Bb7
9.Bb2 c5 10.e3 Rc8 11.Qe2 Re8 12.Rfd1 Bd6 13.Rac1 Qe7 14.cxd5 exd5 15.Nh4 Qe6
16.Qf1 Ng4 17.Ndf3 Be7 18.dxc5 bxc5 19.Qd3 Nh6 20.Nd2 Bxh4 21.gxh4 Qg4 22.e4 d4
23.Qg3 f5 24.Bh3 Qe2 25.b4 Rc6 26.exf5 Rf8 27.bxc5 Nf6 28.Bxd4 Bc8 29.Qg5 Nf7
30.Qg2 Bb7 31.Bxf6  1-0

[Event "TCh-ESP Final"]
[Site "Sanxenxo ESP"]
[Date "2003.11.17"]
[Round "1"]
[White "Gallego Eraso,F"]
[Black "Pons Morro,M"]
[Result "1/2-1/2"]
[WhiteElo "2373"]
[BlackElo "2198"]

1.d4 d5 2.c4 e6 3.Nf3 Nf6 4.g3 Be7 5.Bg2 O-O 6.O-O b6 7.Nc3 Bb7 8.Ne5 Nbd7
9.Bg5 c6 10.cxd5 cxd5 11.Nd3 a6 12.Rc1 Rc8 13.Rc2 Rc4 14.e3 Qc7 15.Qb1 Rc8
16.Rfc1 Bd6 17.Bf4 Bxf4 18.Nxf4 Qd6 19.Nd3 R4c7 20.a3 h6 21.Na2 Kf8 22.Rxc7 Rxc7
23.Rxc7 Qxc7 24.Nc3 Ne8 25.Nb4 Nd6 26.Bf1 Qc8 27.Qc1 a5 28.Nba2 Ba6 29.b3  1/2-1/2

[Event "TCh-SLO"]
[Site "Celje SLO"]
[Date "2003.11.18"]
[Round "3"]
[White "Cvitan,O"]
[Black "Ribli,Z"]
[Result "1/2-1/2"]
[WhiteElo "2516"]
[BlackElo "2593"]

1.Nf3 Nf6 2.c4 e6 3.g3 d5 4.d4 Be7 5.Bg2 O-O 6.O-O dxc4 7.Qc2 a6 8.a4 Bd7
9.Ne5 Bc6 10.Nxc6 Nxc6 11.e3 Na5 12.Nd2 c5 13.dxc5 Rc8 14.b4 cxb3 15.Nxb3 Nxb3
16.Qxb3 Nd7 17.Ba3 Nxc5  1/2-1/2

[Event "IM"]
[Site "Varazdin CRO"]
[Date "2003.11.27"]
[Round "10"]
[White "Kiss,At"]
[Black "Orak,L"]
[Result "1/2-1/2"]
[WhiteElo "2397"]
[BlackElo "2285"]

1.d4 Nf6 2.Nf3 e6 3.g3 d5 4.Bg2 Be7 5.c4 O-O 6.O-O Nbd7 7.Qc2 c6 8.b3 b6
9.Rd1 Ba6 10.Nbd2 Rc8 11.e4 c5 12.exd5 exd5  1/2-1/2